000 00978cam a2200289 4500
001 23705
003 BD-RjUL
005 20211209000948.0
008 140311s1970 ja 001 0 eng d
035 _a(BD-RjUL)23770
040 _aDLC
_cDLC
_dDLC
_dBD-RjUL
_beng
041 1 _aengjpn
082 0 0 _a895.6303
_bSYN V-2 1970
245 0 0 _aSynopses of contemporary Japanese literature /
_ccompiled by Kokusai Bunka Shinkokai.
_nVolume II :
_p1936-1955
260 _aTokyo :
_bKokusai Bunka Shinkōkai,
_c1970.
300 _axxv,223p. ;
_c25 cm.
490 0 _aJapanese life and culture series
504 _aIncludes Index
505 1 _a --2. 1936-1955.
650 0 _aJapanese fiction
_xStories, plots, etc.
_972991
650 0 _aJapanese literature
_y20th century
_xHistory and criticism.
_969521
650 0 _aNovelists, Japanese
_xBiography.
_972992
700 1 _aKokusai Bunka Shinkōkai.
_972993
942 _2ddc
_cBK
999 _c23705
_d23705